| 000 | 01344nam a22002417a 4500 | ||
|---|---|---|---|
| 999 |
_c59482 _d59482 |
||
| 003 | Ge_BSU | ||
| 005 | 20230228104213.0 | ||
| 008 | 230228s1999 ge ||||| |||| 00| 0 geo d | ||
| 020 | _a9992851449 | ||
| 041 | _ageo | ||
| 080 | _a368 ჯ-27 | ||
| 100 |
_aჯაყელი, კახაბერ _917069 |
||
| 245 |
_aდაზღვევის ეკონომიკის საფუძვლები / დაზღვევის ეკონომიკა მომავალი ათასწლეულის გზაზე / _cკახაბერ ჯაყელი; ი.–მათიას შულენბურგი, სუზან ველინგი ; რედ.: გივი გამსახურდია. |
||
| 264 |
_a[თბილისი], _c1999. |
||
| 300 |
_a112 გვ. ; _b20 სმ. |
||
| 500 | _aპარალ. თავფ. გერმ. ენ. | ||
| 504 | _a ბიბლიოგრ.: გვ. 83-86, 109-111. | ||
| 653 | _aდაზღვევის ეკონომიკა. | ||
| 700 |
_aშულენბურგი, ი.-მათიას _eავტორი _917070 |
||
| 700 |
_aველინგი, სუზან _e ავტორი _917071 |
||
| 700 |
_aგამსახურდია, გივი _eრედაქტორი _915599 |
||
| 942 |
_2udc _cBK |
||